[Event "24th European Women Club Cup 2019"]
[Site "Ulcinj"]
[Date "2019.11.11"]
[Round "2.15"]
[White "Hoang, Thanh Trang"]
[Black "Vidic, Teja"]
[Result "1/2-1/2"]
[WhiteElo "2414"]
[BlackElo "2189"]
[Annotator "TA"]
[PlyCount "73"]
[EventDate "2019.11.10"]
[EventType "team-tourn"]
[EventCountry "MNE"]
[SourceTitle "playchess.com"]
[Source "ChessBase"]
[SourceQuality "1"]
[WhiteTeam "Novy Bor"]
[BlackTeam "Maribor"]

{[%evp 16,73,0,-7,0,-16,0,-9,0,-8,-16,-8,-1,-1,-1,-1,-1,-4,-9,-6,-4,-4,93,91,97,94,97,109,110,108,92,81,72,15,12,21,21,14,14,0,0,0,4,0,0,0,0,-9,0,0,0,0,0,0,0,0,0,0,0,-108]} 1. d4 Nf6 2. Nf3 e6 3. e3 c5 4. Bd3 d5 5. b3 Nc6 6. O-O Bd6 7. Bb2 O-O 8. Nbd2 b6 9. Ne5 Bb7 {D05: Colle System with ...e6} 10. a3 Rc8 (10... Ne7 11. dxc5 bxc5 12. c4 Ng6 13. Nxg6 hxg6 14. cxd5 exd5 {½-½ (40) Nakamura,H (2763)-Le,Q (2715) chess.com INT 2018}) 11. f4 Ne7 12. Ng4 Ne4 13. dxc5 $146 ({Predecessor:} 13. Bxe4 dxe4 14. dxc5 Bxc5 15. b4 Bd6 16. Nxe4 {0-1 (39) Lojovic,M (2154)-Zajic,M (2488) Novi Sad 2018}) 13... Bxc5 ({Don't go for} 13... Nxc5 $2 14. Nf6+ $1 {[%mdl 512]} gxf6 15. Bxf6 $18) 14. b4 $36 {[%mdl 2048] White fights for an advantage.} Bd6 15. Nxe4 dxe4 16. Bxe4 Bxe4 {[#]} 17. Qd4 $1 {[%csl Gb2,LRe4,LRg7][%cal Rd4g7][%mdl 512]} e5 $1 {[%cal Re5d4]} 18. fxe5 {[#]} Rxc2 (18... Bxb4 $1 $11 {[%mdl 512] remains equal.} 19. axb4 (19. Qxe4 Bc3 $14) 19... Qxd4 20. exd4 Rxc2 {[%mdl 64] Double Attack}) 19. Qxe4 $16 Rxb2 20. Rad1 {[%mdl 64] Pin} Qa8 21. Qxa8 Rxa8 22. exd6 Ng6 23. e4 Rd8 24. Rf2 (24. Ne3 $16) 24... Rxf2 $11 {The position is equal.} 25. Kxf2 {[%mdl 4096] Endgame KRN-KRN} f6 26. Ne3 Ne5 27. Nd5 Kf7 28. Nc7 Nc4 29. Rd4 Nxd6 30. Nb5 Ke6 31. Nxa7 Ra8 (31... Rd7 $5 32. Nc6 $8 Rc7 $11) 32. Nc6 Rxa3 33. Nd8+ Ke7 $1 {Hoping for ...Rc3.} 34. Nc6+ Ke6 35. Nd8+ Ke7 $1 {White must now prevent ...Rc3.} 36. Nc6+ Ke6 37. e5 {Accuracy: White = 55%, Black = 74%.} (37. Nd8+ $11 Ke7) 1/2-1/2

[Event "24th European Women Club Cup 2019"]
[Site "Ulcinj"]
[Date "2019.11.11"]
[Round "2.16"]
[White "Mar, Karmen"]
[Black "Rodshtein, Tereza"]
[Result "1/2-1/2"]
[WhiteElo "2041"]
[BlackElo "2195"]
[Annotator "TA"]
[PlyCount "82"]
[EventDate "2019.11.10"]
[EventType "team-tourn"]
[EventCountry "MNE"]
[SourceTitle "playchess.com"]
[Source "ChessBase"]
[SourceQuality "1"]
[WhiteTeam "Maribor"]
[BlackTeam "Novy Bor"]

{[%evp 10,82,18,14,45,17,14,14,18,12,16,20,20,23,28,18,30,22,33,32,37,25,29,18,21,14,27,23,44,12,12,15,26,-2,-1,-8,-2,-12,0,0,0,0,0,0,0,0,0,0,0,0,0,0,0,0,0,0,0,0,0,0,0,0,0,0,0,0,0,0,0,0,0,0,0,0,0]} 1. e4 e5 2. Nf3 Nc6 3. Bc4 Bc5 4. d3 Nf6 5. O-O O-O 6. c3 a6 {C54: Giuoco Piano: 4 c3 Nf6, main lines with 5 d4 and 5 d3} 7. Re1 Ba7 8. a4 h6 9. h3 d6 10. b4 (10. Nbd2 Re8 11. b4 Be6 12. Bxe6 Rxe6 13. Nf1 Qd7 14. Be3 Bxe3 15. Nxe3 d5 {1-0 (53) Vachier Lagrave,M (2774)-Aronian,L (2758) Khanty-Mansiysk 2019}) 10... Be6 11. Bxe6 fxe6 12. Be3 Bxe3 13. Rxe3 Qe8 14. Nbd2 Nh5 15. g3 $146 ({Predecessor:} 15. b5 Nd8 16. b6 cxb6 {1-0 (32) Bick,G (2264)-Oburka,V (1808) Trebic 2017}) 15... Nf6 16. b5 axb5 17. axb5 {[#] And now Rxa8 would win.} Rxa1 18. Qxa1 Ne7 19. c4 Nd7 20. Nb3 Qa8 21. Qxa8 (21. Qc3 {with more complications.} b6 22. Kg2 Qb7 23. Re1 Ra8 24. Ra1) 21... Rxa8 {The position is equal.} 22. Re1 Ra3 23. Nfd2 Nc8 24. Kf1 Ncb6 25. Ra1 Rxa1+ 26. Nxa1 $11 {[%mdl 4096] Endgame KNN-KNN} Nc5 27. Ke2 Kf7 28. Nab3 Nba4 29. Nxc5 Nxc5 {KN-KN} 30. Ke3 g5 31. Nf3 Kf6 32. Ne1 Nb3 33. Nc2 h5 34. Kf3 Ke7 35. Ke3 Kf6 36. Kf3 c6 37. bxc6 bxc6 38. Ke3 Ke7 39. Ne1 Kf6 40. Nc2 Ke7 41. Ne1 Kf6 {Accuracy: White = 70%, Black = 65%.} 1/2-1/2

[Event "24th European Women Club Cup 2019"]
[Site "Ulcinj"]
[Date "2019.11.11"]
[Round "2.17"]
[White "Rapport, Jovana"]
[Black "Bodnaruk, Anastasia"]
[Result "0-1"]
[WhiteElo "2379"]
[BlackElo "2412"]
[Annotator "TA"]
[PlyCount "80"]
[EventDate "2019.11.10"]
[EventType "team-tourn"]
[EventCountry "MNE"]
[SourceTitle "playchess.com"]
[Source "ChessBase"]
[SourceQuality "1"]
[WhiteTeam "MNE Woman Chess"]
[BlackTeam "SPB"]

{[%evp 9,80,3,7,0,16,0,14,0,0,16,8,-8,0,0,0,0,0,0,0,-22,-20,-21,-19,-23,-24,-22,-23,-22,-22,-22,-22,-25,-24,-29,-23,-22,-18,-26,-22,-62,-54,-69,-56,-191,-175,-173,-144,-232,-229,-294,-293,-302,-277,-454,-460,-417,-312,-479,-473,-464,-389,-770,-733,-750,-719,-677,-665,-1034,-950,-1541,-1490,-1355,-1288]} 1. d4 Nf6 2. Nf3 e6 3. Bf4 d5 4. e3 c5 5. Be2 Qb6 (5... Nc6 6. O-O Be7 7. dxc5 Bxc5 8. c4 O-O 9. Nc3 dxc4 10. Bxc4 Qxd1 11. Rfxd1 b6 12. Ng5 Be7 13. Nge4 Rd8 14. Bb5 Bb7 15. Nd6 Bxd6 16. Bxd6 Rac8 17. f3 a6 18. Be2 {0-1 (47) Rapport,R (2700)-Aronian,L (2797) Caleta 2018}) 6. Nc3 {D02: 1 d4 d5 2 Nf3 sidelines, including 2...Nf6 3 g3 and 2...Nf6 3 Bf4} c4 7. a4 Bb4 $146 ({Predecessor:} 7... a6 8. Rb1 Bb4 9. O-O Bxc3 10. bxc3 Qa5 11. Nd2 Qxa4 12. e4 Qc6 13. e5 {0-1 (22) Galue,M (2090)-Cavalcanti,B (2173) ICCF email 2015}) 8. O-O {The position is equal.} Bxc3 9. bxc3 Ne4 10. Ra3 Qb2 11. Qa1 Qxa1 12. Rfxa1 f6 13. h4 Nc6 14. Bh2 Ke7 15. Rd1 b6 16. Nd2 Nxd2 17. Rxd2 Na5 18. Bf3 Bb7 19. Re2 h5 20. Ra1 Rad8 21. Bf4 Kf7 22. g3 g6 23. Bg2 Rhe8 24. f3 {[#]} g5 $1 $36 {[%cal Rg5f4][%mdl 2560] Black fights for an advantage.} 25. hxg5 e5 26. gxf6 (26. Bxe5 $15 fxe5 27. dxe5) 26... exf4 $19 27. gxf4 h4 28. e4 (28. Kf2 $17) 28... h3 ({Don't play} 28... Kxf6 29. Kf2 $17) 29. Bh1 Kxf6 30. Kh2 Rg8 31. Rg1 $2 {[#]} (31. Re3) 31... Rxg1 32. Kxg1 Nc6 33. Rh2 (33. Kh2 {was called for.}) 33... Rh8 34. Kf2 Nd8 35. f5 $2 (35. Bg2 Bc6 36. Rxh3 Rxh3 37. Bxh3) 35... Nf7 {Black is clearly winning.} 36. Ke3 Rh4 37. Re2 Ng5 38. Kf2 dxe4 39. Kg3 exf3 40. Re1 Re4 {Accuracy: White = 34%, Black = 79%.} 0-1

[Event "24th European Women Club Cup 2019"]
[Site "Ulcinj"]
[Date "2019.11.11"]
[Round "2.18"]
[White "Ovod, Evgenija"]
[Black "Milovic, Aleksandra"]
[Result "1/2-1/2"]
[WhiteElo "2347"]
[BlackElo "2183"]
[Annotator "TA"]
[PlyCount "98"]
[EventDate "2019.11.10"]
[EventType "team-tourn"]
[EventCountry "MNE"]
[SourceTitle "playchess.com"]
[Source "ChessBase"]
[SourceQuality "1"]
[WhiteTeam "SPB"]
[BlackTeam "MNE Woman Chess"]

{[%evp 9,98,34,41,33,41,0,0,0,30,30,56,0,0,0,0,0,0,0,0,0,0,0,0,0,0,0,0,2,10,0,0,0,37,37,37,37,35,24,68,67,66,64,61,0,15,23,4,10,0,0,85,87,441,408,408,395,522,528,1090,904,1309,1738,1766,1317,2027,1774,1611,1517,1154,1502,1110,1131,5117,5125,2576,2438,2258,2702,12833,12833,12832,12832,12835,12835,12840,12840,12841,12841,12841,12840,12850]} 1. e4 d5 2. exd5 Nf6 3. Nf3 Bg4 4. Bb5+ Nbd7 5. c4 e6 6. dxe6 {B01: Scandinavian Defence} fxe6 7. d4 $146 ({Predecessor:} 7. h3 Bxf3 8. Qxf3 c6 9. Ba4 Ne5 10. Qe2 Nd3+ 11. Kd1 Bc5 12. Rf1 O-O {0-1 (20) Guseinov,G (2571)-Damaso,R (2460) Dos Hermanas 2004}) 7... c6 8. Ba4 {The position is equal.} Bb4+ 9. Bd2 Qa5 10. Nc3 (10. Bc2 $14) 10... O-O-O $11 11. a3 $1 {[%cal Ra3b4]} Bxc3 12. Bxc3 Qh5 {And now ...e5 would win.} 13. Qe2 $1 e5 $1 {[%cal Re5e4]} 14. dxe5 Nxe5 15. Bxe5 Rhe8 {[#] aiming for ...Bxf3.} 16. O-O Nd7 {[%cal Rd7e5]} 17. Qc2 {Threatens to win with Bg3.} Nxe5 18. Nxe5 Qxe5 19. f3 $36 {[%mdl 2048] White has some pressure.} Bf5 20. Qf2 $1 Qa5 21. Bc2 Bxc2 22. Qxc2 Rd2 23. Qxh7 Qb6+ 24. Kh1 Qxb2 25. Qf5+ Kb8 26. Rab1 (26. Qf4+ $14 Kc8 27. Rae1 Rxe1 28. Rxe1) 26... Qe5 27. Qxe5+ Rxe5 28. Rbe1 Rxe1 29. Rxe1 {[%mdl 4096] Endgame KR-KR} Ra2 {[#]} (29... b5 $11 {remains equal.}) 30. h4 $1 $16 Rxa3 $2 {[%mdl 8192]} (30... b5 $16 {is more resistant.}) 31. Re8+ $18 Kc7 32. Re7+ Kd6 33. Rxb7 {White is clearly winning.} a5 34. Rxg7 a4 35. h5 Re3 36. Ra7 a3 37. h6 Re6 38. h7 Rh6+ 39. Kg1 Kc5 40. g4 a2 41. Rxa2 Rxh7 42. Rc2 Kd4 43. c5 Ke3 44. Kg2 Rd7 45. Kg3 Rd5 46. f4 Kd3 47. Rf2 Ke4 48. Re2+ Kd3 49. Re5 Kd4 {[%mdl 32768] Accuracy: White = 81%, Black = 36%. . An unexpected result.} 1/2-1/2

[Event "24th European Women Club Cup 2019"]
[Site "Ulcinj"]
[Date "2019.11.11"]
[Round "2.19"]
[White "Koljevic, Nikolina"]
[Black "Belenkaya, Dina"]
[Result "0-1"]
[WhiteElo "1902"]
[BlackElo "2302"]
[Annotator "TA"]
[PlyCount "52"]
[EventDate "2019.11.10"]
[EventType "team-tourn"]
[EventCountry "MNE"]
[SourceTitle "playchess.com"]
[Source "ChessBase"]
[SourceQuality "1"]
[WhiteTeam "MNE Woman Chess"]
[BlackTeam "SPB"]

{[%evp 10,52,41,-4,-7,-2,-28,-12,-9,-55,-12,-2,-15,-79,-77,-206,-152,-156,-166,-164,-146,-184,-186,-181,-186,-172,-185,-166,-166,-196,-95,-231,-216,-164,-34,-62,-25,-145,-122,-259,-245,-266,-271,-1022,-1018]} 1. e4 c6 2. d4 d5 3. e5 Bf5 4. h4 h6 5. g4 Bd7 6. c4 e6 {B12: Caro-Kann: Advance Variation} 7. Nc3 c5 8. cxd5 exd5 {The position is equal.} 9. Bg2 $146 ({Predecessor:} 9. dxc5 Bxc5 10. Bg2 Ne7 11. Nh3 Nbc6 12. Bf4 Be6 13. Bg3 Qd7 14. f3 {0-1 (46) Nepomniachtchi,I (2730)-Grischuk,A (2752) Apatity 2011}) 9... cxd4 10. Qxd4 ({Much worse is} 10. Nxd5 Bc6 $15) 10... Nc6 11. Qf4 (11. Qxd5 $11 Bxg4 12. Qe4) 11... d4 $36 {[%mdl 2048] Black is in control.} 12. Bd5 (12. Nce2 $17) 12... Be6 13. Bxe6 fxe6 14. Nce2 Bb4+ 15. Bd2 Qd5 16. Rh3 Nge7 17. Bxb4 Nxb4 18. Qd2 Nbc6 19. f4 O-O-O (19... Rc8 $19 {has better winning chances.} 20. Rd1 O-O) 20. Rb3 (20. O-O-O $17) 20... Kb8 21. Qd3 Rc8 (21... g5 $19 {And now ...gxf4 would win.} 22. Nf3 gxh4) 22. h5 $15 Rhf8 {Strongly threatening ...Nxe5!} 23. Rd1 (23. Nf3 $11 {was the only way to keep the balance.}) 23... Qa5+ $17 {[%mdl 64] [#] Double Attack} 24. Kf2 (24. Qd2 $17) 24... Nxe5 $1 $19 {[%mdl 64] Double Attack} ({Worse is} 24... Qxa2 {[#]} 25. Qb5 $1 $11 {[%mdl 512]}) 25. Qxd4 Nxg4+ {[%mdl 64] Discovered Attack} 26. Kg3 $2 (26. Kg2) 26... Nf5+ {[%mdl 64] Double Attack. Accuracy: White = 20%, Black = 52%.} 0-1

[Event "24th European Women Club Cup 2019"]
[Site "Ulcinj"]
[Date "2019.11.11"]
[Round "2.20"]
[White "Balaian, Alina"]
[Black "Rakic, Tijana"]
[Result "1-0"]
[WhiteElo "2260"]
[BlackElo "1680"]
[Annotator "TA"]
[PlyCount "57"]
[EventDate "2019.11.10"]
[EventType "team-tourn"]
[EventCountry "MNE"]
[SourceTitle "playchess.com"]
[Source "ChessBase"]
[SourceQuality "1"]
[WhiteTeam "SPB"]
[BlackTeam "MNE Woman Chess"]

{[%evp 9,57,70,64,55,65,33,45,37,43,37,47,43,60,19,16,16,31,-24,-31,-17,0,0,3,0,0,0,-1,-4,6,0,116,102,126,127,112,3,88,87,86,61,98,59,66,47,41,44,83,42,245,-23]} 1. e4 d5 2. exd5 Qxd5 3. Nc3 Qd6 4. d4 ({Predecessor:} 4. Nf3 g6 5. Be2 Bg7 6. O-O Nf6 7. d4 O-O 8. Nb5 Qb6 9. c4 c6 {0-1 (34) Von Estorff,J (1921)-Liebig,S (2126) Germany 2017}) 4... Nf6 5. Nf3 g6 $146 (5... Bg4 6. h3 Bh5 7. g4 Bg6 8. Ne5 Nbd7 9. Bf4 Nxe5 10. Bxe5 Qb6 11. Qf3 O-O-O 12. O-O-O e6 13. Bd3 Bb4 14. Bxg6 hxg6 {½-½ (55) Caruana,F (2828)-Moranda,W (2593) chess.com INT 2019}) 6. Nb5 {B01: Scandinavian Defence} Qb6 7. c4 c6 8. Nc3 {White is slightly better.} Bg7 9. Be2 O-O 10. O-O Bg4 11. Na4 Qc7 12. Be3 Nbd7 13. Rc1 (13. h3 $14 Bxf3 14. Bxf3) 13... e5 $11 14. d5 cxd5 15. cxd5 Qa5 16. d6 e4 17. Nd4 Bxe2 18. Nxe2 Rac8 19. Qb3 Nd5 {[#]} (19... Rxc1 $11 20. Rxc1 Ng4) 20. Rxc8 $1 $16 Rxc8 21. Qxb7 {[%mdl 64] Double Attack} Rd8 22. Bd4 ({Not} 22. Qxa7 $2 Qxa7 23. Bxa7 Ra8 $19) (22. Nec3 $16 N7f6 23. Qxa7 Qxa7 24. Bxa7) 22... N7f6 (22... Bxd4 $11 {keeps the balance.} 23. Nxd4 Qxa4 24. Qxd5 Nb6 25. Qxe4 Rxd6) 23. Nac3 $36 {[%mdl 2048] Keeping Black busy.} ({Inferior is} 23. Qxa7 Qxa7 24. Bxa7 Ra8 $17) 23... Nxc3 24. Bxc3 Qd5 25. Qxd5 Nxd5 26. Bxg7 Kxg7 27. Rd1 Nb4 28. Nc3 Nd3 $2 {[#]} (28... f5 $14) 29. Ne2 $2 {[%mdl 32768] Accuracy: White = 51%, Black = 45%. . Loss on time!?} ({Only move:} 29. Nxe4 $18 f5 30. Rxd3 fxe4 31. Ra3) 1-0

[Event "24th European Women Club Cup 2019"]
[Site "Ulcinj"]
[Date "2019.11.11"]
[Round "2.21"]
[White "Injac, Teodora"]
[Black "Lahav, Michal"]
[Result "0-1"]
[WhiteElo "2257"]
[BlackElo "2221"]
[Annotator "TA"]
[PlyCount "110"]
[EventDate "2019.11.10"]
[EventType "team-tourn"]
[EventCountry "MNE"]
[SourceTitle "playchess.com"]
[Source "ChessBase"]
[SourceQuality "1"]
[WhiteTeam "Jelica PEP"]
[BlackTeam "Rishon Lezion"]

{[%evp 18,110,69,58,59,38,68,58,72,54,59,37,53,47,52,30,39,0,0,0,13,0,29,37,76,20,62,68,154,142,149,90,97,62,71,6,10,0,0,-56,-36,-174,-104,-300,-306,-355,-66,-73,-116,-470,-470,-658,-502,-482,-193,-482,-477,-643,-616,-671,-672,-614,-579,-741,-532,-517,-427,-535,-529,-482,-408,-499,-417,-543,-543,-497,-410,-727,-690,-1003,-978,-2069,-1994,-2029,-1582,-2595,-2055,-2223,-2195,-4698,-3984,-29985,-29985,-29985,-29981]} 1. d4 Nf6 2. Nf3 c5 3. d5 d6 4. Nc3 g6 5. e4 Bg7 6. Bc4 O-O 7. O-O Bg4 8. h3 Bxf3 9. Qxf3 a6 10. a4 Nbd7 {A43: Schmid Benoni} 11. Be2 Ne8 12. Bg5 Nc7 {White is slightly better.} 13. Qg3 $146 ({Predecessor:} 13. Qd3 Rb8 14. a5 b5 15. axb6 Rxb6 {1-0 (36) Bunzmann,D (2544)-Milanovic,D (2434) Bad Wiessee 2004}) 13... Rb8 14. Qh4 Re8 15. f4 b5 16. axb5 axb5 17. e5 f6 18. Bh6 $1 dxe5 19. Rad1 exf4 20. Bxf4 {Threatens to win with d6.} c4 21. Qg3 (21. d6 $1 $16 {[%cal Rd6c7]} exd6 22. Bxd6) 21... Rc8 22. Bg4 Na6 (22... e5 $14 23. dxe6 Nxe6) 23. Be6+ $16 Kh8 24. Kh1 ({But not} 24. Nxb5 $6 Qb6+ 25. Nd4 Nac5 $14) (24. Ne4 $142 $1) 24... Nac5 25. Nxb5 {Strongly threatening Bc7.} Qb6 26. Nc7 ({White should play} 26. Bxd7 $1 $16 Nxd7 27. Nc7) 26... Red8 $11 {...g5 is the strong threat.} 27. d6 exd6 $1 28. Nd5 (28. Rxd6 $11 Qxb2 29. Rd5) 28... Qxb2 $15 29. Rde1 (29. Bf7 $15) 29... Qxc2 ({Black should try} 29... Nxe6 $19 30. Rxe6 Qxc2) 30. Bf7 $2 (30. Bxd7 $17 Nxd7 31. Ne7) 30... Ne4 $19 31. Qf3 Ndc5 $2 (31... f5 $19 {aiming for ...Ne5.} 32. Be6 Ne5) 32. Re2 $1 $15 {[%cal Re2c2] [#]} Qb3 $1 {[%cal Rb3b7]} 33. Re3 $2 {[%mdl 8192]} (33. Rxe4 $17 {nothing else works.} Nxe4 34. Qxe4) 33... Qb7 $19 {And now ...f5 would win.} 34. Be6 Nxe6 35. Qxe4 Nc7 (35... Nxf4 $142 36. Rxf4 {[#]} c3 $1 {[%mdl 512]} 37. Nxc3 Qxe4 38. Nxe4 Bh6 {[%mdl 64] Skewer}) 36. Nxf6 $2 (36. Ne7 {only move.} Qxe4 37. Rxe4) 36... Qxe4 {[%mdl 64] Overworked Piece} 37. Nxe4 Nd5 38. Ree1 Nxf4 39. Rxf4 Rd7 40. Ng5 Kg8 41. Rfe4 {White hopes to continue with Re8+.} Be5 {Hoping for ...c3.} 42. Nf3 Bg3 43. Rc1 d5 44. Rg4 Bc7 45. h4 Bb6 46. Ne5 Rg7 47. Rb1 (47. Rc2 $142) 47... Be3 48. Rb2 h5 49. Rxg6 Rxg6 50. Nxg6 {[%mdl 4096] Endgame KRB-KRN} Re8 51. Rb7 c3 {( -> ...c2)} 52. Rc7 d4 53. g3 Re6 54. Nf4 Bxf4 55. gxf4 Rd6 {Accuracy: White = 17%, Black = 56%.} 0-1

[Event "24th European Women Club Cup 2019"]
[Site "Ulcinj"]
[Date "2019.11.11"]
[Round "2.22"]
[White "Reprun, Nadejda"]
[Black "Velikic, Adela"]
[Result "0-1"]
[WhiteElo "1989"]
[BlackElo "2275"]
[Annotator "TA"]
[PlyCount "74"]
[EventDate "2019.11.10"]
[EventType "team-tourn"]
[EventCountry "MNE"]
[SourceTitle "playchess.com"]
[Source "ChessBase"]
[SourceQuality "1"]
[WhiteTeam "Rishon Lezion"]
[BlackTeam "Jelica PEP"]

{[%evp 11,100,15,27,0,25,14,18,10,25,16,3,8,21,15,14,0,0,0,0,-3,17,-15,-12,-13,-13,-21,-36,-44,0,-135,-115,-108,-89,-108,-94,-110,-111,-171,-93,-119,-79,-87,-93,-258,-253,-253,-249,-249,-237,-247,-251,-267,-262,-274,-262,-340,-325,-335,-341,-334,0,-289,0,-319,-266,-281,-211,-262,-246,-340,-345,-411,-399,-399,-399,-699,-695,-693,-686,-686,-672,-662,-647,-1689,-1689,-1394,-941,-5534,-5571,-29980,-29981]} 1. e4 c5 2. Nf3 d6 3. d4 cxd4 4. Nxd4 Nf6 5. Nc3 Nc6 6. g3 e5 7. Nb3 {B56: Classical Sicilian: Unusual Lines} (7. Nde2 Be7 8. Bg2 O-O 9. O-O Be6 10. h3 Rc8 11. g4 h6 12. Ng3 a6 13. Nf5 b5 14. Nd5 Bxf5 15. Nxe7+ Qxe7 16. exf5 d5 17. c3 e4 18. Bf4 {0-1 (42) Fontaine,R (2563)-Gupta,A (2610) chess.com INT 2018}) 7... h6 8. Bg2 Be7 9. O-O {The position is equal.} O-O 10. Be3 Ng4 11. Bd2 a5 12. a4 Nb4 13. h3 Nf6 14. Be3 Be6 15. f4 Qc8 16. f5 $146 ({Predecessor:} 16. Kh2 Bc4 {0-1 (48) Forys,M (2006)-Wcislo,D (1957) Leba 2006}) 16... Bc4 17. Rf2 d5 18. exd5 Rd8 {[%cal Rb4d5]} 19. Bb6 {[%mdl 64] Double Attack} Rxd5 (19... Nbxd5 {with more complications.} 20. Bxd8 Nxc3 21. Qe1 Bxd8 22. bxc3 e4) 20. Rd2 (20. Nxd5 $11 {remains equal.} Nbxd5 21. Nxa5) 20... Bxb3 21. cxb3 Rxd2 22. Qxd2 Qxf5 23. Re1 Ra6 $36 {[%mdl 2048] White is under strong pressure.} 24. Bc7 {[#]} (24. Be3 $17 {was necessary.}) 24... Nd3 (24... e4 $1 $19 {[%mdl 512] And now ...Qc5+ would win.} 25. Kh2 (25. Nxe4 Nxe4) 25... Re6) 25. Re2 Bc5+ 26. Kh2 Nf2 {( -> ...N6g4+)} 27. Rxf2 $2 (27. Qd8+ $17 Kh7 28. Rxe5 N6g4+ 29. hxg4 Nxg4+ {[%mdl 64] Double Attack} 30. Kh1) 27... Qxf2 28. Qxf2 Bxf2 29. Bxe5 Nd7 30. Bc7 Nc5 31. Nb5 Be1 32. Bd5 Rf6 33. Bf4 Nd3 34. Be3 Bf2 (34... Nxb2 35. Bd4 $11) 35. Bd2 Be1 (35... Nxb2 36. Bc3 $17) 36. Be3 Bf2 (36... Nxb2 37. Bd4 $11) 37. Bd2 {[#]} Bb6 {Played: Bf2-d4} 0-1

[Event "24th European Women Club Cup 2019"]
[Site "Ulcinj"]
[Date "2019.11.11"]
[Round "2.23"]
[White "Eric, Jovana"]
[Black "Federovski, Adi"]
[Result "1-0"]
[WhiteElo "2314"]
[BlackElo "2005"]
[Annotator "TA"]
[PlyCount "133"]
[EventDate "2019.11.10"]
[EventType "team-tourn"]
[EventCountry "MNE"]
[SourceTitle "playchess.com"]
[Source "ChessBase"]
[SourceQuality "1"]
[WhiteTeam "Jelica PEP"]
[BlackTeam "Rishon Lezion"]

{[%evp 19,133,14,73,61,70,58,64,51,56,8,77,70,76,70,75,65,79,53,54,0,28,30,35,37,40,31,64,63,101,46,39,29,69,20,76,33,24,37,65,41,176,22,22,25,32,0,0,0,0,0,89,73,68,74,138,100,199,82,383,371,350,329,583,545,493,520,1035,1016,1029,483,596,604,566,581,429,216,216,216,199,84,92,39,95,95,117,117,120,120,160,159,166,147,176,166,338,344,357,195,387,355,376,344,349,179,344,349,984,348,341,341,389,884,1329,1254,864,713]} 1. e4 d6 2. d4 Nf6 3. Nc3 g6 4. Be3 c6 5. Nf3 Bg7 6. h3 O-O 7. Qd2 b5 8. Bd3 Nbd7 9. O-O e5 10. dxe5 dxe5 (10... Nxe5 $11 11. Nxe5 dxe5) 11. a4 $16 {B07: Pirc Defence: Miscellaneous Systems} b4 12. Ne2 Qe7 (12... a5 13. Ng3 Qe7 14. c3 Nc5 15. Bxc5 Qxc5 16. cxb4 axb4 17. Rac1 Qd6 18. b3 Rd8 {1-0 (29) Dominguez Perez,L (2739)-So,W (2788) Saint Louis 2017}) 13. Ng3 {White is slightly better.} Rd8 $146 ({Predecessor:} 13... a5 14. Bh6 Re8 {½-½ (64) Legaspi,R (2257)-Abasolo,S Manila 2013}) 14. a5 a6 (14... Nf8 $11) 15. Qe2 c5 16. Bc4 Ne8 17. Rfd1 {Black must now prevent Ng5.} Nd6 18. Bd5 Bb7 19. c4 (19. Bxb7 $14 Nxb7 20. Nd2) 19... bxc3 20. bxc3 Bxd5 21. Rxd5 Nb5 22. Qc4 Rdc8 23. Rad1 Ra7 24. Bg5 ({Better is} 24. Qd3 $16 {[%cal Rd5d7]} Nf8 25. Nd2) 24... Qe6 $14 25. Qd3 {[%cal Rd5d7]} Nf8 26. Bd8 h6 (26... c4 $11 {remains equal.} 27. Qd2 Qe8) 27. Nf1 c4 28. Qd2 f5 29. Bb6 {aiming for Rxb5.} Raa8 (29... Rf7 $14) 30. Ne3 $2 ({White should play} 30. exf5 $18 gxf5 31. Ng3) 30... fxe4 $11 31. Nh2 Nh7 32. Qc2 {[%mdl 1024] White has compensation.} Nf6 33. R5d2 h5 34. Nhf1 Kh7 (34... Bh6 $11 {keeps the balance.}) 35. Nd5 Nxd5 36. Rxd5 Rf8 ({Black should try} 36... e3 37. Nxe3 Rc6) 37. Ng3 Kg8 (37... Nd4 $16 38. Qxe4 Rf4 39. R5xd4 Rxe4 40. Nxe4 Qf5 41. Rxc4 Rc8 42. Rxc8 Qxc8) 38. Nxe4 (38. Rd7 $18) 38... Qf5 $2 {[%mdl 8192]} (38... Nd4 $16 39. Bxd4 exd4) 39. Qe2 $18 Rac8 40. Bc5 Rf7 $2 (40... Rfe8 {was called for.} 41. Qxc4 Kh8) 41. Rd8+ Rxd8 42. Rxd8+ Kh7 (42... Bf8 $142 43. Qxc4 Kg7 44. Bxf8+ Rxf8) 43. Qxc4 Bh6 {[#]} 44. Rd3 (44. Be7 $142 $1 {[%mdl 512] White threatens Nf6+! and mate.} g5 (44... Rxe7 45. Qg8#) 45. Bf6 $1 {[%mdl 512]}) 44... Kg7 45. Rf3 Qd7 46. Rxf7+ Qxf7 47. Qxf7+ (47. Qd3 $142) 47... Kxf7 {[%mdl 4096] Endgame KBN-KBN} 48. c4 Nd4 49. Bb6 (49. Bxd4 $1 $18 {has better winning chances.} exd4 50. Kf1) 49... Bf8 50. Nc5 (50. Kf1 $16) 50... Bxc5 $1 $14 51. Bxc5 {KB-KN} Nb3 52. Bb4 Ke6 53. Kf1 Kf5 54. Ke2 Ke4 {[#]} 55. Bc3 $1 Nd4+ 56. Kd2 {Strongly threatening f3+.} Nc6 $2 (56... Nb3+ 57. Kc2 Nc5) 57. h4 $18 Ne7 58. Ke2 (58. f3+ $142 Kf5 59. Kd3) 58... Nf5 $2 (58... Kf5 {is a better defense.} 59. Ke3 Ke6) 59. f3+ Kf4 60. Kf2 Ne7 61. g3+ Kf5 62. Ke3 Nc6 $2 (62... Ng8 63. Bd2 Nf6) 63. Kd3 $2 (63. c5 Nd8 {[#]} 64. g4+ $1 {[%mdl 512]} Ke6 65. Ke4) 63... Ne7 64. c5 Nc6 65. Ke3 Ne7 {[#]} 66. g4+ $1 {[%mdl 512]} Ke6 (66... hxg4 67. fxg4+) 67. Ke4 {Accuracy: White = 51%, Black = 36%.} 1-0